LEADER 00836cam2 22002533 450 001 SOBE00044179 005 20150928125512.0 100 $a20140708d1929 |||||ita|0103 ba 101 $aita 102 $aIT 200 0 $a1.2$fBenedetto Croce 210 $aNapoli$cRicciardi$d1929 215 $aP. 210-421$d20cm 461 1$1001SOBE00044177$12001 $a<<1: >>Pagine di letteratura e di cultura / Benedetto Croce ; raccolte da G. Castellano 700 1$aCroce$b, Benedetto <1866-1952>$3AF00003357$4070$09641 801 0$aIT$bUNISOB$c20150928$gRICA 850 $aUNISOB 852 $aUNISOB$j850$m3462 912 $aSOBE00044179 940 $aM 102 Monografia moderna SBN 941 $aW 957 $a850$b000261$i-1,2$gSI$d3462$1rovito$2UNISOB$3UNISOB$420140708125005.0$520150928125512.0$6rovito 996 $a1.2$91710315 997 $aUNISOB LEADER 01874nam0 22004213i 450 001 VAN0268408 005 20240320020021.513 017 70$2N$a9781461259251 100 $a20231205d1981 |0itac50 ba 101 $aeng 102 $aUS 105 $a|||| ||||| 200 1 $aMultiple Statistical Decision Theory$eRecent Developments$fShanti S. Gupta, Deng-Yuan Huang 210 $aNew York$cSpringer-Verlag$d1981 215 $avii, 104 p.$cill.$d24 cm 410 1$1001VAN0001957$12001 $aLecture notes in statistics$1210 $aNew York [etc.]$cSpringer$v6 606 $a62-XX$xStatistics [MSC 2020]$3VANC022998$2MF 606 $a62Cxx$xStatistical decision theory [MSC 2020]$3VANC024591$2MF 606 $a62F07$xStatistical ranking and selection procedures [MSC 2020]$3VANC033732$2MF 606 $a62J15$xPaired and multiple comparisons; multiple testing [MSC 2020]$3VANC037726$2MF 610 $aCorrelation$9KW:K 610 $aDecision$9KW:K 610 $aMultiple testing$9KW:K 610 $aNormal distribution$9KW:K 610 $aProbability distribution$9KW:K 610 $aRandom variables$9KW:K 620 $aUS$dNew York$3VANL000011 700 1$aGupta$bShanti S.$3VANV220445$0250013 701 1$aHuang$bDeng-Yuan$3VANV220446$0250014 712 $aSpringer $3VANV108073$4650 801 $aIT$bSOL$c20240614$gRICA 856 4 $uhttps://doi.org/10.1007/978-1-4612-5925-1$zE-book ? Accesso al full-text attraverso riconoscimento IP di Ateneo, proxy e/o Shibboleth 899 $aBIBLIOTECA DEL DIPARTIMENTO DI MATEMATICA E FISICA$1IT-CE0120$2VAN08 912 $fN 912 $aVAN0268408 950 $aBIBLIOTECA DEL DIPARTIMENTO DI MATEMATICA E FISICA$d08CONS e-book 7521 $e08eMF7521 20231211 996 $aMultiple Statistical Decision Theory$93643889 997 $aUNICAMPANIA